000 01116nam a2200193Ia 4500
003 Ost
005 20260507075048.0
008 260507s9999||||xx |||||||||||||| ||und||
020 _a9147317977
040 _cfsecg
041 _aara
100 _aشبكشي، علي حسين
_eمؤلف
245 0 _aالعولمة نظرية بلا منظر /
_c علي حسين شبكشي
260 _a[دون مكان]:
_b[دون ناشر],
_c2001
300 _a229 صفحة؛
_bإيضاحات ؛
_c24 سم
520 _aما هي العولمة-الهيمنة في التاريخ-الفارق بين الهيمنة الأوربية والهيمنة الأمريكية-آليات الصراع بلا أسلحة-لماذا الولايات المتحدة-العولمة والدولة القومية-عولمة الفقر-العولمة والدولة الوطنية-العولمة والسيادة-الإسلام والغرب-العولمة الجديدة والمجال الحيوي للشرق الأوسط- الشركات العملاقة المتعددة الجنسيات
653 _aالعولمة
942 _cكتاب
999 _c42612
_d42612